000 00542nam a2200205Ia 4500
005 20240415141522.0
008 131103s9999 xx 000 0 und d
020 _a706970918
_cRs.45
040 _aLoreto College
041 _aEnglish
082 _a370.1
_bVEN
100 _aVenkateswaran,S.
245 _aPrinciples of Education
_cS.Venkateswaran
260 _aNew Delhi
_bVikas PublishingHouse.
_c1993
300 _a166p.
504 _aIncludes bibliographical references
650 _aEducation
850 _aLCBED
942 _cBK
999 _c26456
_d76935